[Event "WCO 2016"]
[Site "?"]
[Date "2016.09.13"]
[Round "11"]
[Board "6"]
[WhiteID "1122320"]
[White "Zawadzka Jolanta"]
[BlackID "723894"]
[Black "Lazarne Vajda Szidonia"]
[Result "1-0"]
[BlackElo "2372"]
[WhiteElo "2429"]
[LiveChessVersion "1.4.8"]

1. e4 {[%clk 1:30:55]} e5 {[%clk 1:30:41]} 2. Nf3 {[%clk 1:31:18]} Nc6
{[%clk 1:30:55]} 3. Nc3 {[%clk 1:31:37]} Nf6 {[%clk 1:30:59]} 4. d4
{[%clk 1:31:52]} exd4 {[%clk 1:30:53]} 5. Nxd4 {[%clk 1:32:15]} Bb4
{[%clk 1:30:34]} 6. Nxc6 {[%clk 1:32:34]} bxc6 {[%clk 1:30:52]} 7. Bd3
{[%clk 1:32:59]} d5 {[%clk 1:30:03]} 8. exd5 {[%clk 1:33:10]} cxd5
{[%clk 1:30:13]} 9. O-O {[%clk 1:33:32]} O-O {[%clk 1:30:14]} 10. h3
{[%clk 1:33:55]} c6 {[%clk 1:27:15]} 11. Qf3 {[%clk 1:34:16]} Rb8
{[%clk 1:26:59]} 12. Bg5 {[%clk 1:34:20]} Bd6 {[%clk 1:25:30]} 13. Rab1
{[%clk 1:34:08]} Re8 {[%clk 1:15:07]} 14. Rfe1 {[%clk 1:34:10]} Be6
{[%clk 1:06:13]} 15. Ne2 {[%clk 1:27:17]} h6 {[%clk 1:04:48]} 16. Bxf6
{[%clk 1:25:34]} Qxf6 {[%clk 1:04:59]} 17. Qxf6 {[%clk 1:25:58]} gxf6
{[%clk 1:05:26]} 18. b3 {[%clk 1:25:54]} Bd7 {[%clk 1:00:56]} 19. Red1
{[%clk 1:10:32]} Bc5 {[%clk 0:51:06]} 20. Ng3 {[%clk 1:07:03]} Re5
{[%clk 0:49:58]} 21. Kf1 {[%clk 1:02:02]} Kf8 {[%clk 0:45:23]} 22. c4
{[%clk 0:52:04]} Ke7 {[%clk 0:33:16]} 23. Rbc1 {[%clk 0:47:39]} Ba3
{[%clk 0:27:27]} 24. Rc2 {[%clk 0:47:32]} Rg8 {[%clk 0:22:41]} 25. Be2
{[%clk 0:44:05]} Bb4 {[%clk 0:17:56]} 26. Rd3 {[%clk 0:38:49]} dxc4
{[%clk 0:15:08]} 27. Rxc4 {[%clk 0:38:32]} a5 {[%clk 0:13:57]} 28. f4
{[%clk 0:30:23]} Rc5 {[%clk 0:12:02]} 29. Rxc5 {[%clk 0:29:03]} Bxc5
{[%clk 0:12:28]} 30. Ne4 {[%clk 0:29:27]} Bf5 {[%clk 0:09:27]} 31. Nxc5
{[%clk 0:29:24]} Bxd3 {[%clk 0:09:52]} 32. Bxd3 {[%clk 0:29:27]} Rd8
{[%clk 0:09:36]} 33. Ke2 {[%clk 0:28:42]} Rd5 {[%clk 0:09:21]} 34. Ne4
{[%clk 0:28:25]} Rd4 {[%clk 0:07:28]} 35. Ke3 {[%clk 0:28:27]} Rb4
{[%clk 0:07:51]} 36. Ng3 {[%clk 0:26:36]} a4 {[%clk 0:07:32]} 37. Bc4
{[%clk 0:26:42]} axb3 {[%clk 0:03:03]} 38. axb3 {[%clk 0:27:02]} Kf8
{[%clk 0:01:57]} 39. Nf5 {[%clk 0:25:48]} h5 {[%clk 0:01:21]} 40. Ng3
{[%clk 0:55:55]} h4 {[%clk 0:31:03]} 41. Nf5 {[%clk 0:56:14]} Rb8
{[%clk 0:28:51]} 42. Nxh4 {[%clk 0:55:45]} Rd8 {[%clk 0:27:45]} 43. Nf5
{[%clk 0:55:32]} Rd1 {[%clk 0:27:45]} 44. h4 {[%clk 0:54:59]} c5 {[%clk 0:27:41]}
45. h5 {[%clk 0:55:07]} Rh1 {[%clk 0:27:29]} 46. g4 {[%clk 0:55:11]} Re1+
{[%clk 0:24:06]} 47. Kf3 {[%clk 0:55:33]} Rh1 {[%clk 0:24:18]} 48. Nd6
{[%clk 0:55:38]} Rh3+ {[%clk 0:23:26]} 49. Ke4 {[%clk 0:55:59]} Rg3
{[%clk 0:22:54]} 50. Kf5 {[%clk 0:56:13]} Ke7 {[%clk 0:23:09]} 51. Nxf7
{[%clk 0:56:32]} Rh3 {[%clk 0:23:09]} 52. Kg6 {[%clk 0:56:29]} 1-0

[Event "WCO 2016"]
[Site "?"]
[Date "2016.09.13"]
[Round "11"]
[Board "7"]
[WhiteID "717444"]
[White "Gara Ticia"]
[BlackID "1131044"]
[Black "Kulon Klaudia"]
[Result "0-1"]
[BlackElo "2346"]
[WhiteElo "2379"]
[LiveChessVersion "1.4.8"]

1. Nf3 {[%clk 1:30:59]} Nf6 {[%clk 1:30:52]} 2. c4 {[%clk 1:30:54]} g6
{[%clk 1:31:14]} 3. g3 {[%clk 1:30:55]} Bg7 {[%clk 1:31:38]} 4. Bg2
{[%clk 1:31:21]} O-O {[%clk 1:32:00]} 5. O-O {[%clk 1:31:32]} d6 {[%clk 1:32:09]}
6. d4 {[%clk 1:31:20]} Nc6 {[%clk 1:32:16]} 7. Nc3 {[%clk 1:31:25]} e5
{[%clk 1:31:51]} 8. dxe5 {[%clk 1:30:37]} dxe5 {[%clk 1:32:15]} 9. Bg5
{[%clk 1:30:18]} Be6 {[%clk 1:31:57]} 10. Qa4 {[%clk 1:29:18]} Qb8
{[%clk 1:28:35]} 11. Rfd1 {[%clk 1:21:22]} Nd7 {[%clk 1:23:58]} 12. Qc2
{[%clk 1:13:30]} f5 {[%clk 1:00:38]} 13. Be3 {[%clk 0:59:20]} Nb6
{[%clk 0:48:10]} 14. b3 {[%clk 0:54:58]} Kh8 {[%clk 0:47:00]} 15. c5
{[%clk 0:53:12]} f4 {[%clk 0:42:51]} 16. gxf4 {[%clk 0:49:44]} Bf5
{[%clk 0:39:03]} 17. Qc1 {[%clk 0:48:38]} Nd7 {[%clk 0:30:44]} 18. fxe5
{[%clk 0:44:45]} Ndxe5 {[%clk 0:29:12]} 19. Nxe5 {[%clk 0:42:08]} Nxe5
{[%clk 0:29:34]} 20. Bh6 {[%clk 0:41:14]} Bxh6 {[%clk 0:26:34]} 21. Qxh6
{[%clk 0:41:39]} c6 {[%clk 0:26:41]} 22. Rd4 {[%clk 0:37:57]} Qc7
{[%clk 0:25:25]} 23. Qh4 {[%clk 0:33:51]} Rae8 {[%clk 0:23:53]} 24. Rad1
{[%clk 0:33:37]} Qa5 {[%clk 0:21:59]} 25. b4 {[%clk 0:32:36]} Qa3
{[%clk 0:20:36]} 26. Qg3 {[%clk 0:23:15]} Ng4 {[%clk 0:17:32]} 27. e4
{[%clk 0:19:47]} Be6 {[%clk 0:17:00]} 28. f4 {[%clk 0:19:23]} Nf6
{[%clk 0:17:12]} 29. Ne2 {[%clk 0:13:25]} Qxa2 {[%clk 0:16:52]} 30. R4d2
{[%clk 0:11:46]} Qc4 {[%clk 0:17:07]} 31. Qc3 {[%clk 0:06:01]} Qxc3
{[%clk 0:16:08]} 32. Nxc3 {[%clk 0:06:27]} Nh5 {[%clk 0:16:05]} 33. b5
{[%clk 0:05:34]} Nxf4 {[%clk 0:14:34]} 34. bxc6 {[%clk 0:05:48]} bxc6
{[%clk 0:14:59]} 35. Ra1 {[%clk 0:04:46]} Bh3 {[%clk 0:12:33]} 36. Bxh3
{[%clk 0:04:31]} Nxh3+ {[%clk 0:13:01]} 37. Kg2 {[%clk 0:04:57]} Nf4+
{[%clk 0:13:27]} 38. Kg3 {[%clk 0:05:03]} Re5 {[%clk 0:13:06]} 39. Ne2
{[%clk 0:01:19]} Rg5+ {[%clk 0:12:25]} 40. Kf2 {[%clk 0:30:48]} Ng2+
{[%clk 0:40:20]} 41. Kg1 {[%clk 0:31:04]} Ne1+ {[%clk 0:40:43]} 0-1

[Event "WCO 2016"]
[Site "?"]
[Date "2016.09.13"]
[Round "11"]
[Board "8"]
[WhiteID "1152050"]
[White "Wozniak Mariola"]
[BlackID "709751"]
[Black "Gara Anita"]
[Result "1-0"]
[BlackElo "2355"]
[WhiteElo "2246"]
[LiveChessVersion "1.4.8"]

1. d4 {[%clk 1:30:55]} Nf6 {[%clk 1:30:38]} 2. c4 {[%clk 1:31:17]} g6
{[%clk 1:30:42]} 3. f3 {[%clk 1:31:32]} c5 {[%clk 1:30:37]} 4. d5
{[%clk 1:30:58]} Bg7 {[%clk 1:30:20]} 5. e4 {[%clk 1:30:40]} d6 {[%clk 1:30:42]}
6. Nc3 {[%clk 1:30:54]} O-O {[%clk 1:30:53]} 7. Nge2 {[%clk 1:29:42]} e6
{[%clk 1:30:57]} 8. Bg5 {[%clk 1:22:26]} h6 {[%clk 1:31:06]} 9. Be3
{[%clk 1:22:43]} exd5 {[%clk 1:31:19]} 10. cxd5 {[%clk 1:22:54]} a6
{[%clk 1:27:45]} 11. a4 {[%clk 1:19:43]} Nbd7 {[%clk 1:27:49]} 12. Qd2
{[%clk 1:17:15]} Ne5 {[%clk 1:26:22]} 13. Ng3 {[%clk 1:14:09]} h5
{[%clk 1:25:58]} 14. Bg5 {[%clk 1:06:01]} Qa5 {[%clk 1:23:07]} 15. f4
{[%clk 0:56:14]} Ned7 {[%clk 1:21:26]} 16. Be2 {[%clk 0:49:28]} b5
{[%clk 1:12:56]} 17. O-O {[%clk 0:44:38]} b4 {[%clk 1:13:14]} 18. Nd1
{[%clk 0:44:20]} Re8 {[%clk 1:12:38]} 19. Nf2 {[%clk 0:42:04]} Nh7
{[%clk 1:09:50]} 20. Bh4 {[%clk 0:33:20]} Bd4 {[%clk 1:07:08]} 21. f5
{[%clk 0:29:52]} Ne5 {[%clk 1:02:37]} 22. Qh6 {[%clk 0:26:36]} Ng4
{[%clk 0:52:31]} 23. Bxg4 {[%clk 0:26:18]} Bg7 {[%clk 0:52:56]} 24. Qf4
{[%clk 0:23:29]} hxg4 {[%clk 0:51:41]} 25. Nxg4 {[%clk 0:22:54]} Qc7
{[%clk 0:48:04]} 26. f6 {[%clk 0:17:12]} Bxg4 {[%clk 0:40:10]} 27. fxg7
{[%clk 0:14:24]} Bc8 {[%clk 0:38:04]} 28. Qh6 {[%clk 0:13:53]} c4
{[%clk 0:25:56]} 29. Bf6 {[%clk 0:13:22]} Qc5+ {[%clk 0:25:25]} 30. Kh1
{[%clk 0:13:26]} c3 {[%clk 0:18:49]} 31. bxc3 {[%clk 0:12:58]} b3
{[%clk 0:19:15]} 32. Bd4 {[%clk 0:08:13]} Qc4 {[%clk 0:16:49]} 33. Rf4
{[%clk 0:08:08]} g5 {[%clk 0:10:41]} 34. Rxf7 {[%clk 0:06:49]} Kxf7
{[%clk 0:09:51]} 35. Qh5+ {[%clk 0:07:09]} Ke7 {[%clk 0:10:12]} 36. Qxh7
{[%clk 0:07:17]} Kd8 {[%clk 0:04:20]} 37. Bb6+ {[%clk 0:06:23]} 1-0

[Event "WCO 2016"]
[Site "?"]
[Date "2016.09.13"]
[Round "11"]
[Board "10"]
[WhiteID "2907763"]
[White "Videnova Iva"]
[BlackID "14114550"]
[Black "Muzychuk Mariya"]
[Result "1/2-1/2"]
[BlackElo "2539"]
[WhiteElo "2386"]
[LiveChessVersion "1.4.8"]

1. e4 {[%clk 1:30:56]} c5 {[%clk 1:30:14]} 2. Nf3 {[%clk 1:31:19]} a6
{[%clk 1:30:34]} 3. c3 {[%clk 1:31:43]} d5 {[%clk 1:30:29]} 4. exd5
{[%clk 1:31:53]} Qxd5 {[%clk 1:28:19]} 5. d4 {[%clk 1:32:15]} Nf6
{[%clk 1:28:38]} 6. Be2 {[%clk 1:27:55]} cxd4 {[%clk 1:27:29]} 7. cxd4
{[%clk 1:28:09]} e6 {[%clk 1:27:48]} 8. Nc3 {[%clk 1:26:29]} Qd8 {[%clk 1:28:03]}
9. O-O {[%clk 1:25:27]} Nc6 {[%clk 1:27:08]} 10. Bg5 {[%clk 1:24:11]} Be7
{[%clk 1:27:06]} 11. Rc1 {[%clk 1:22:54]} O-O {[%clk 1:26:56]} 12. Bd3
{[%clk 1:21:12]} h6 {[%clk 1:10:47]} 13. Bh4 {[%clk 1:17:17]} Nd5
{[%clk 1:05:51]} 14. Bg3 {[%clk 1:14:54]} Bf6 {[%clk 0:58:50]} 15. Bb1
{[%clk 1:11:48]} Nde7 {[%clk 0:56:40]} 16. Be5 {[%clk 1:08:47]} Nf5
{[%clk 0:50:17]} 17. Bxf5 {[%clk 0:58:25]} exf5 {[%clk 0:49:56]} 18. Bxf6
{[%clk 0:58:46]} Qxf6 {[%clk 0:50:21]} 19. d5 {[%clk 0:59:05]} Ne5
{[%clk 0:48:50]} 20. Nxe5 {[%clk 0:51:44]} Qxe5 {[%clk 0:49:16]} 21. f4
{[%clk 0:43:20]} Qd6 {[%clk 0:47:26]} 22. Qd4 {[%clk 0:43:13]} Bd7
{[%clk 0:47:10]} 23. Rce1 {[%clk 0:32:00]} Rac8 {[%clk 0:44:28]} 24. Re3
{[%clk 0:26:52]} b5 {[%clk 0:42:53]} 25. Rg3 {[%clk 0:26:08]} f6 {[%clk 0:26:35]}
26. b3 {[%clk 0:21:59]} Rfe8 {[%clk 0:25:03]} 27. a3 {[%clk 0:19:16]} a5
{[%clk 0:24:03]} 28. a4 {[%clk 0:15:05]} b4 {[%clk 0:15:42]} 29. Nd1
{[%clk 0:12:09]} Re4 {[%clk 0:14:45]} 30. Qd2 {[%clk 0:11:15]} Qc5+
{[%clk 0:12:21]} 31. Kh1 {[%clk 0:11:25]} Qc2 {[%clk 0:11:05]} 32. Qd3
{[%clk 0:06:19]} Qxd3 {[%clk 0:06:44]} 33. Rxd3 {[%clk 0:06:44]} Rc2
{[%clk 0:07:06]} 34. Kg1 {[%clk 0:04:43]} Kf8 {[%clk 0:05:47]} 35. g3
{[%clk 0:04:00]} Ree2 {[%clk 0:02:23]} 36. Rf2 {[%clk 0:04:15]} Re1+
{[%clk 0:02:21]} 37. Kg2 {[%clk 0:03:32]} Rc1 {[%clk 0:01:52]} 38. Rfd2
{[%clk 0:03:42]} Ke8 {[%clk 0:01:55]} 39. Kf2 {[%clk 0:03:45]} Re4
{[%clk 0:01:40]} 40. Re3 {[%clk 0:31:11]} Kd8 {[%clk 0:31:32]} 41. Kf3
{[%clk 0:27:43]} Be8 {[%clk 0:30:39]} 42. Rxe4 {[%clk 0:27:50]} Bh5+
{[%clk 0:30:17]} 43. g4 {[%clk 0:27:14]} Bxg4+ {[%clk 0:25:40]} 44. Kg3
{[%clk 0:27:21]} Bxd1 {[%clk 0:25:59]} 45. Re3 {[%clk 0:26:04]} Rb1
{[%clk 0:25:40]} 46. Kf2 {[%clk 0:24:33]} Bxb3 {[%clk 0:20:45]} 47. d6
{[%clk 0:22:28]} Rd1 {[%clk 0:19:00]} 48. Rxd1 {[%clk 0:22:16]} Bxd1
{[%clk 0:19:27]} 49. Re7 {[%clk 0:21:47]} Bxa4 {[%clk 0:19:11]} 50. Ra7
{[%clk 0:09:31]} Bc6 {[%clk 0:19:08]} 51. Rxa5 {[%clk 0:09:04]} Kd7
{[%clk 0:19:20]} 52. Ke3 {[%clk 0:07:51]} Kxd6 {[%clk 0:14:22]} 53. Kd4
{[%clk 0:08:13]} b3 {[%clk 0:14:39]} 54. Ra6 {[%clk 0:00:51]} g5 {[%clk 0:14:36]}
55. Rb6 {[%clk 0:01:16]} gxf4 {[%clk 0:14:24]} 56. Rxb3 {[%clk 0:01:42]} Bg2
{[%clk 0:14:44]} 57. Rb6+ {[%clk 0:01:50]} Ke7 {[%clk 0:15:06]} 58. Ra6
{[%clk 0:01:26]} Kf7 {[%clk 0:15:02]} 59. Ra7+ {[%clk 0:01:35]} Kg6
{[%clk 0:15:26]} 60. Kd3 {[%clk 0:01:31]} Bf3 {[%clk 0:12:59]} 61. Kd2
{[%clk 0:01:40]} Kg5 {[%clk 0:12:33]} 62. Ke1 {[%clk 0:01:58]} Kh4
{[%clk 0:12:03]} 63. Kf2 {[%clk 0:01:57]} Bg4 {[%clk 0:11:43]} 64. Rf7
{[%clk 0:01:05]} Kh3 {[%clk 0:11:23]} 65. Rxf6 {[%clk 0:01:03]} h5
{[%clk 0:11:51]} 66. Kg1 {[%clk 0:01:07]} f3 {[%clk 0:12:18]} 67. Ra6
{[%clk 0:01:03]} f2+ {[%clk 0:12:32]} 68. Kxf2 {[%clk 0:01:26]} Kxh2
{[%clk 0:12:58]} 69. Ra3 {[%clk 0:01:49]} Bd1 {[%clk 0:12:21]} 70. Rd3
{[%clk 0:01:57]} Bc2 {[%clk 0:12:36]} 71. Rc3 {[%clk 0:01:55]} Be4
{[%clk 0:13:01]} 72. Re3 {[%clk 0:02:05]} h4 {[%clk 0:12:37]} 73. Ra3
{[%clk 0:02:13]} Bg2 {[%clk 0:12:55]} 74. Rc3 {[%clk 0:02:31]} Bh3
{[%clk 0:10:12]} 75. Ra3 {[%clk 0:02:33]} Bg4 {[%clk 0:10:38]} 76. Rc3
{[%clk 0:02:47]} Bd1 {[%clk 0:11:02]} 77. Rc1 {[%clk 0:02:15]} Bb3
{[%clk 0:10:17]} 78. Rc3 {[%clk 0:02:02]} Bd5 {[%clk 0:10:09]} 1/2-1/2

[Event "WCO 2016"]
[Site "?"]
[Date "2016.09.13"]
[Round "11"]
[Board "11"]
[WhiteID "14101513"]
[White "Zhukova Natalia"]
[BlackID "2908689"]
[Black "Nikolova Adriana"]
[Result "1/2-1/2"]
[BlackElo "2358"]
[WhiteElo "2475"]
[LiveChessVersion "1.4.8"]

1. Nf3 {[%clk 1:30:56]} d5 {[%clk 1:30:53]} 2. d4 {[%clk 1:31:11]} Nf6
{[%clk 1:31:13]} 3. c4 {[%clk 1:31:24]} c6 {[%clk 1:31:37]} 4. Nc3
{[%clk 1:31:28]} dxc4 {[%clk 1:31:48]} 5. a4 {[%clk 1:31:42]} Bf5
{[%clk 1:32:09]} 6. Ne5 {[%clk 1:31:35]} Nbd7 {[%clk 1:32:32]} 7. Nxc4
{[%clk 1:31:56]} Qc7 {[%clk 1:32:55]} 8. g3 {[%clk 1:31:22]} e5 {[%clk 1:33:12]}
9. dxe5 {[%clk 1:31:30]} Nxe5 {[%clk 1:33:36]} 10. Bf4 {[%clk 1:31:45]} Nfd7
{[%clk 1:34:00]} 11. Bg2 {[%clk 1:31:51]} g5 {[%clk 1:34:05]} 12. Ne3
{[%clk 1:31:40]} gxf4 {[%clk 1:34:29]} 13. Nxf5 {[%clk 1:32:05]} O-O-O
{[%clk 1:34:37]} 14. Qc2 {[%clk 1:31:32]} Kb8 {[%clk 1:34:54]} 15. gxf4
{[%clk 1:10:00]} Nc4 {[%clk 1:35:08]} 16. Rd1 {[%clk 1:01:06]} Rg8
{[%clk 1:21:12]} 17. Bh3 {[%clk 0:47:05]} Nc5 {[%clk 1:01:39]} 18. Rxd8+
{[%clk 0:46:12]} Qxd8 {[%clk 1:02:04]} 19. Ng3 {[%clk 0:44:22]} Qh4
{[%clk 0:43:51]} 20. Qf5 {[%clk 0:35:34]} Nd6 {[%clk 0:44:00]} 21. Qxc5
{[%clk 0:35:47]} Qxh3 {[%clk 0:44:16]} 22. Qe5 {[%clk 0:33:07]} Kc8
{[%clk 0:32:45]} 23. Nce4 {[%clk 0:22:05]} Qe6 {[%clk 0:30:01]} 24. Qxe6+
{[%clk 0:21:06]} fxe6 {[%clk 0:30:25]} 25. Nxd6+ {[%clk 0:20:19]} Bxd6
{[%clk 0:30:50]} 26. e3 {[%clk 0:20:35]} b5 {[%clk 0:28:38]} 27. axb5
{[%clk 0:16:29]} cxb5 {[%clk 0:29:01]} 28. Ke2 {[%clk 0:16:57]} Rg7
{[%clk 0:24:00]} 29. Rd1 {[%clk 0:14:18]} Kc7 {[%clk 0:23:38]} 30. f5
{[%clk 0:09:17]} Bxg3 {[%clk 0:07:09]} 31. hxg3 {[%clk 0:09:41]} exf5
{[%clk 0:07:32]} 32. Rd5 {[%clk 0:10:07]} Kb6 {[%clk 0:05:28]} 33. Rxf5
{[%clk 0:09:58]} a5 {[%clk 0:05:54]} 34. e4 {[%clk 0:04:46]} a4 {[%clk 0:06:11]}
35. e5 {[%clk 0:01:30]} b4 {[%clk 0:04:28]} 36. Kd3 {[%clk 0:01:58]} Rc7
{[%clk 0:03:54]} 37. Rf6+ {[%clk 0:01:19]} Kb5 {[%clk 0:02:35]} 38. Rf8
{[%clk 0:01:36]} Ra7 {[%clk 0:00:50]} 39. Rb8+ {[%clk 0:00:40]} Kc5
{[%clk 0:01:07]} 40. Ke4 {[%clk 0:30:43]} a3 {[%clk 0:30:48]} 41. Rc8+
{[%clk 0:27:39]} Kb5 {[%clk 0:29:02]} 42. bxa3 {[%clk 0:28:03]} bxa3
{[%clk 0:29:28]} 43. Rc1 {[%clk 0:28:08]} a2 {[%clk 0:28:07]} 44. Ra1
{[%clk 0:24:07]} Kc6 {[%clk 0:28:32]} 45. f4 {[%clk 0:14:42]} Kd7
{[%clk 0:28:21]} 46. Kd4 {[%clk 0:13:03]} Ke7 {[%clk 0:19:51]} 47. Kc4
{[%clk 0:12:37]} Ra3 {[%clk 0:19:53]} 48. Kb4 {[%clk 0:12:37]} Rxg3
{[%clk 0:19:32]} 49. Rxa2 {[%clk 0:13:02]} Rf3 {[%clk 0:15:11]} 50. Ra7+
{[%clk 0:13:19]} Kf8 {[%clk 0:10:37]} 51. Kc5 {[%clk 0:13:21]} Rxf4
{[%clk 0:11:04]} 52. Kd6 {[%clk 0:12:43]} Rd4+ {[%clk 0:10:29]} 53. Ke6
{[%clk 0:13:05]} Rb4 {[%clk 0:09:21]} 54. Ra8+ {[%clk 0:04:52]} Kg7
{[%clk 0:09:47]} 55. Kd7 {[%clk 0:05:09]} Rd4+ {[%clk 0:06:57]} 56. Ke7
{[%clk 0:05:33]} h5 {[%clk 0:07:02]} 57. e6 {[%clk 0:05:45]} h4 {[%clk 0:07:27]}
58. Ra1 {[%clk 0:04:04]} Kg6 {[%clk 0:01:46]} 59. Ke8 {[%clk 0:02:48]} Kf5
{[%clk 0:00:46]} 60. e7 {[%clk 0:03:12]} Re4 {[%clk 0:00:47]} 61. Kf7
{[%clk 0:03:23]} h3 {[%clk 0:00:44]} 62. Ra5+ {[%clk 0:03:18]} Kg4
{[%clk 0:00:38]} 63. e8=Q {[%clk 0:00:47]} Rxe8 {[%clk 0:01:05]} 64. Kxe8
{[%clk 0:01:11]} h2 {[%clk 0:01:29]} 65. Ra1 {[%clk 0:01:38]} 1/2-1/2

[Event "WCO 2016"]
[Site "?"]
[Date "2016.09.13"]
[Round "11"]
[Board "12"]
[WhiteID "2906660"]
[White "Raeva Elitsa"]
[BlackID "14110911"]
[Black "Ushenina Anna"]
[Result "0-1"]
[BlackElo "2457"]
[WhiteElo "2232"]
[LiveChessVersion "1.4.8"]

1. e4 {[%clk 1:30:53]} c5 {[%clk 1:29:42]} 2. Nf3 {[%clk 1:31:11]} a6
{[%clk 1:24:40]} 3. g3 {[%clk 1:27:55]} g6 {[%clk 1:19:10]} 4. Bg2
{[%clk 1:25:17]} Bg7 {[%clk 1:19:36]} 5. O-O {[%clk 1:25:27]} Nc6
{[%clk 1:19:37]} 6. c3 {[%clk 1:23:46]} e5 {[%clk 1:16:13]} 7. a4
{[%clk 1:17:20]} Nge7 {[%clk 1:14:57]} 8. Na3 {[%clk 1:15:21]} O-O
{[%clk 1:14:42]} 9. Nc4 {[%clk 1:14:20]} d6 {[%clk 1:14:21]} 10. d3
{[%clk 1:08:18]} h6 {[%clk 1:09:45]} 11. a5 {[%clk 1:08:09]} Be6 {[%clk 1:09:39]}
12. Qa4 {[%clk 1:07:48]} f5 {[%clk 0:50:38]} 13. Nb6 {[%clk 0:58:36]} Rb8
{[%clk 0:50:52]} 14. exf5 {[%clk 0:57:39]} gxf5 {[%clk 0:50:30]} 15. Re1
{[%clk 0:53:07]} Rf6 {[%clk 0:29:03]} 16. b4 {[%clk 0:47:40]} cxb4
{[%clk 0:27:26]} 17. cxb4 {[%clk 0:47:51]} f4 {[%clk 0:22:55]} 18. Bb2
{[%clk 0:41:35]} Qf8 {[%clk 0:20:33]} 19. Nd2 {[%clk 0:38:49]} Rg6
{[%clk 0:15:13]} 20. b5 {[%clk 0:36:59]} axb5 {[%clk 0:14:45]} 21. Qxb5
{[%clk 0:37:22]} Nf5 {[%clk 0:14:53]} 22. Ra4 {[%clk 0:26:36]} Na7
{[%clk 0:11:29]} 23. Qb4 {[%clk 0:26:39]} h5 {[%clk 0:10:44]} 24. Ne4
{[%clk 0:19:41]} h4 {[%clk 0:10:13]} 25. d4 {[%clk 0:16:14]} fxg3
{[%clk 0:07:33]} 26. fxg3 {[%clk 0:16:32]} hxg3 {[%clk 0:07:43]} 27. hxg3
{[%clk 0:14:25]} Nc6 {[%clk 0:06:43]} 28. Qa3 {[%clk 0:14:24]} Ncxd4
{[%clk 0:04:34]} 29. Bxd4 {[%clk 0:14:29]} exd4 {[%clk 0:04:22]} 30. Qc1
{[%clk 0:05:21]} Ne3 {[%clk 0:00:53]} 31. Rxe3 {[%clk 0:04:59]} dxe3
{[%clk 0:01:19]} 32. Qxe3 {[%clk 0:05:15]} Be5 {[%clk 0:01:38]} 33. Ng5
{[%clk 0:03:47]} Qh6 {[%clk 0:01:49]} 34. Nd7 {[%clk 0:02:22]} Bxd7
{[%clk 0:02:09]} 35. Qb3+ {[%clk 0:02:04]} Re6 {[%clk 0:01:14]} 36. Nxe6
{[%clk 0:01:23]} Bxa4 {[%clk 0:00:59]} 37. Qc4 {[%clk 0:00:45]} Kh8
{[%clk 0:00:40]} 38. Qc7 {[%clk 0:00:45]} Qe3+ {[%clk 0:00:56]} 39. Kf1
{[%clk 0:00:49]} Bb5+ {[%clk 0:01:20]} 0-1

[Event "WCO 2016"]
[Site "?"]
[Date "2016.09.13"]
[Round "11"]
[Board "13"]
[WhiteID "13401521"]
[White "Mamedjarova Zeinab"]
[BlackID "5704820"]
[Black "Tan Li Ting"]
[Result "1/2-1/2"]
[BlackElo "1993"]
[WhiteElo "2295"]
[LiveChessVersion "1.4.8"]

1. d4 {[%clk 1:30:52]} d5 {[%clk 1:30:39]} 2. e3 {[%clk 1:31:01]} Nf6
{[%clk 1:29:51]} 3. Bd3 {[%clk 1:31:21]} c5 {[%clk 1:29:19]} 4. c3
{[%clk 1:30:54]} Nc6 {[%clk 1:29:08]} 5. Nd2 {[%clk 1:21:08]} cxd4
{[%clk 1:21:42]} 6. exd4 {[%clk 1:17:15]} Bg4 {[%clk 1:17:44]} 7. Ngf3
{[%clk 1:14:25]} e6 {[%clk 1:10:09]} 8. a4 {[%clk 1:04:35]} Bd6 {[%clk 1:06:07]}
9. O-O {[%clk 1:01:55]} O-O {[%clk 1:03:09]} 10. Re1 {[%clk 1:00:45]} Qc7
{[%clk 1:02:57]} 11. Nf1 {[%clk 0:57:30]} Bh5 {[%clk 0:59:16]} 12. Ng3
{[%clk 0:53:07]} Bg6 {[%clk 0:59:33]} 13. Qe2 {[%clk 0:44:17]} Bxd3
{[%clk 0:49:58]} 14. Qxd3 {[%clk 0:44:40]} Rab8 {[%clk 0:49:55]} 15. Bd2
{[%clk 0:36:06]} Na5 {[%clk 0:47:28]} 16. Bg5 {[%clk 0:33:31]} Nd7
{[%clk 0:45:07]} 17. Re2 {[%clk 0:30:49]} Rfc8 {[%clk 0:42:12]} 18. Nh5
{[%clk 0:21:40]} f6 {[%clk 0:32:07]} 19. Bh4 {[%clk 0:12:16]} Nf8
{[%clk 0:32:11]} 20. Rae1 {[%clk 0:10:12]} Qf7 {[%clk 0:29:55]} 21. Bg3
{[%clk 0:09:50]} Bxg3 {[%clk 0:30:09]} 22. Nxg3 {[%clk 0:10:12]} a6
{[%clk 0:29:36]} 23. h4 {[%clk 0:08:58]} Nc4 {[%clk 0:26:45]} 24. h5
{[%clk 0:08:14]} b5 {[%clk 0:25:27]} 25. b3 {[%clk 0:07:05]} Nd6 {[%clk 0:25:19]}
26. axb5 {[%clk 0:07:10]} axb5 {[%clk 0:21:01]} 27. Rc2 {[%clk 0:04:42]} Rc6
{[%clk 0:20:26]} 28. Nd2 {[%clk 0:03:44]} Rbc8 {[%clk 0:17:57]} 29. b4
{[%clk 0:04:06]} Nc4 {[%clk 0:09:00]} 30. Nb3 {[%clk 0:04:24]} Ra8
{[%clk 0:08:24]} 31. Nc5 {[%clk 0:04:37]} Ra3 {[%clk 0:07:26]} 32. Qf3
{[%clk 0:04:22]} e5 {[%clk 0:06:03]} 33. Nf5 {[%clk 0:03:59]} e4 {[%clk 0:04:30]}
34. Qg4 {[%clk 0:03:18]} Kh8 {[%clk 0:04:53]} 35. f3 {[%clk 0:03:19]} g6
{[%clk 0:04:26]} 36. hxg6 {[%clk 0:03:30]} hxg6 {[%clk 0:04:02]} 37. Qh3+
{[%clk 0:02:40]} Qh7 {[%clk 0:04:22]} 38. Qxh7+ {[%clk 0:02:13]} Kxh7
{[%clk 0:04:41]} 39. Ne7 {[%clk 0:02:16]} Rd6 {[%clk 0:03:20]} 40. fxe4
{[%clk 0:32:34]} dxe4 {[%clk 0:33:10]} 41. Nxe4 {[%clk 0:24:00]} Re6
{[%clk 0:32:48]} 42. Nd5 {[%clk 0:24:15]} Kg7 {[%clk 0:31:59]} 43. Rce2
{[%clk 0:12:32]} Ra7 {[%clk 0:26:21]} 44. Nc5 {[%clk 0:12:14]} Rxe2
{[%clk 0:26:39]} 45. Rxe2 {[%clk 0:12:43]} Kf7 {[%clk 0:26:43]} 46. Kh2
{[%clk 0:11:44]} Nh7 {[%clk 0:26:00]} 47. Ne4 {[%clk 0:08:45]} f5
{[%clk 0:25:11]} 48. Nd2 {[%clk 0:08:18]} Nxd2 {[%clk 0:23:53]} 49. Rxd2
{[%clk 0:08:45]} Ng5 {[%clk 0:24:16]} 50. Rc2 {[%clk 0:06:23]} Ne4
{[%clk 0:22:13]} 51. g3 {[%clk 0:05:56]} Rd7 {[%clk 0:15:05]} 52. Nf4
{[%clk 0:06:09]} Rc7 {[%clk 0:15:26]} 53. Ne2 {[%clk 0:05:48]} Ke6
{[%clk 0:14:01]} 54. Kg2 {[%clk 0:06:02]} Kd5 {[%clk 0:11:18]} 55. Kf3
{[%clk 0:05:01]} Kc4 {[%clk 0:11:29]} 56. Rc1 {[%clk 0:01:11]} Ra7
{[%clk 0:09:31]} 57. g4 {[%clk 0:01:24]} Nd2+ {[%clk 0:08:11]} 58. Ke3
{[%clk 0:01:30]} Nb3 {[%clk 0:08:25]} 59. Rg1 {[%clk 0:01:45]} Re7+
{[%clk 0:08:35]} 60. Kf2 {[%clk 0:01:59]} fxg4 {[%clk 0:08:17]} 61. Rxg4
{[%clk 0:02:23]} Kd3 {[%clk 0:08:41]} 62. Nf4+ {[%clk 0:01:59]} Kd2
{[%clk 0:06:40]} 63. Rxg6 {[%clk 0:01:37]} Rf7 {[%clk 0:07:04]} 64. Kf3
{[%clk 0:01:14]} Kxc3 {[%clk 0:07:23]} 65. Ke4 {[%clk 0:00:37]} Nd2+
{[%clk 0:04:19]} 66. Ke3 {[%clk 0:00:44]} Nc4+ {[%clk 0:04:16]} 67. Ke4
{[%clk 0:01:13]} Nd2+ {[%clk 0:03:10]} 68. Ke3 {[%clk 0:01:40]} Nc4+
{[%clk 0:03:36]} 69. Ke4 {[%clk 0:02:07]} Nd2+ {[%clk 0:04:03]} 1/2-1/2